书目信息 |
| 题名: |
液压与气压传动
|
|
| 作者: | 姚平喜 , 唐全波 主编 | |
| 分册: | ||
| 出版信息: | 武汉 华中科技大学出版社 2015.9 |
|
| 页数: | 367页 | |
| 开本: | 26cm | |
| 丛书名: | 全国普通高等学校机械类“十二五”规划系列教材 | |
| 单 册: | ||
| 中图分类: | TH137 | |
| 科图分类: | ||
| 主题词: | 液压传动--ye ya chuan dong--高等学校--教材 , 气压传动--qi ya chuan dong--高等学校--教材 | |
| 电子资源: | ||
| ISBN: | 978-7-5680-0879-2 | |
| 000 | 01545nam 2200301 450 | |
| 001 | 0100004572 | |
| 005 | 20150910110634.3 | |
| 010 | @a978-7-5680-0879-2@dCNY46.00 | |
| 100 | @a20150910d2015 em y0chiy0121 ea | |
| 101 | 0 | @achi |
| 102 | @aCN@b420000 | |
| 105 | @aak a 000yy | |
| 106 | @ar | |
| 200 | 1 | @a液压与气压传动@Aye ya yu qi ya chuan dong@f主编姚平喜, 唐全波 |
| 210 | @a武汉@c华中科技大学出版社@d2015.9 | |
| 215 | @a367页@c图@d26cm | |
| 225 | 2 | @a全国普通高等学校机械类“十二五”规划系列教材@Aquan guo pu tong gao deng xue jiao ji xie lei “shi er wu ”gui hua ji lie jiao cai |
| 320 | @a有书目 | |
| 330 | @a本书由液压传动与气压传动两部分组成。第一部分主要讲述液压传动基础理论、液压元件、液压基本回路、典型液压系统、液压系统设计计算以及液压系统故障诊断等内容。第二部分主要讲述气压传动基础知识、气源装置与气动元件、气动基本回路以及气动逻辑系统设计等内容。与同类教材相比, 吸收了一些新型的液压与气动元件加以介绍, 如螺纹插装阀, 气动阀岛等。同时注意把一些最新的研究成果引进教材, 如对液压平衡回路的分析。本书每章后附有例题和习题, 为学生课后复习提供很好的借鉴作用。 | |
| 333 | @a本书可作为高等工科学校各机械类专业教学用书, 也可供从事流体传动与控制技术的工程技术人员参考 | |
| 410 | 0 | @12001 @a全国普通高等学校机械类“十二五”规划系列教材 |
| 606 | 0 | @a液压传动@Aye ya chuan dong@x高等学校@j教材 |
| 606 | 0 | @a气压传动@Aqi ya chuan dong@x高等学校@j教材 |
| 690 | @aTH137@v5 | |
| 701 | 0 | @a姚平喜@Ayao ping xi@4主编 |
| 701 | 0 | @a唐全波@Atang quan bo@4主编 |
| 801 | 0 | @aCN@c20160515 |
| 905 | @a河南城建学院图书馆@dTH137@eY363 | |
| 液压与气压传动/主编姚平喜, 唐全波.-武汉:华中科技大学出版社,2015.9 |
| 367页:图;26cm.-(全国普通高等学校机械类“十二五”规划系列教材) |
| 使用对象:本书可作为高等工科学校各机械类专业教学用书, 也可供从事流体传动与控制技术的工程技术人员参考 |
| ISBN 978-7-5680-0879-2:CNY46.00 |
| 本书由液压传动与气压传动两部分组成。第一部分主要讲述液压传动基础理论、液压元件、液压基本回路、典型液压系统、液压系统设计计算以及液压系统故障诊断等内容。第二部分主要讲述气压传动基础知识、气源装置与气动元件、气动基本回路以及气动逻辑系统设计等内容。与同类教材相比, 吸收了一些新型的液压与气动元件加以介绍, 如螺纹插装阀, 气动阀岛等。同时注意把一些最新的研究成果引进教材, 如对液压平衡回路的分析。本书每章后附有例题和习题, 为学生课后复习提供很好的借鉴作用。 |
| ● |
| 相关链接 |
|
|
|
正题名:液压与气压传动
索取号:TH137/Y363
 
预约/预借
| 序号 | 登录号 | 条形码 | 馆藏地/架位号 | 状态 | 备注 |
| 1 | 1253144 | 212531447 | 自科库501/501自科库 37排4列2层/ [索取号:TH137/Y363] | 在馆 | |
| 2 | 1253145 | 212531456 | 自科二线504/504自科库 41排2列4层/ [索取号:TH137/Y363] | 在馆 | |
| 3 | 1253146 | 212531465 | 自科库501/501自科库 37排4列2层/ [索取号:TH137/Y363] | 在馆 |